Anime by Description - Statistics

General Stats
  • This quiz has been taken 695 times
    568 since last reset
  • The average score is 32 of 79
Answer Stats
Hint Answer % Correct
Fighting titans!!!! KILL ALL TITANS TO PROTECT HUMANITY! Attack on titan
93%
GOTTA CATCH EM ALL -____________! Pokemon
93%
Guy gets book that he can kill people with. By writing their name. Death Note
91%
Ghouls who eat humans. Can only eat humans, or other ghouls - but that's cannibalism. Tokyo Ghoul
87%
Kids get trapped in a video game about swords. If they in the game they die in real life. Sword Art Online
84%
Elric brothers try to find philosopher's stone. Fullmetal Alchemist
83%
Students try to kill their teacher. Assassination Classroom
81%
Super overpowered anime character with a bald head. One Punch Man
81%
Presumed dead Prince of Brittania gains the power of Geass, which allows him to control others. Code Geass
79%
Kid tries to be hero without Quirk. DETROIT SMASH!!!! Boku no Hero Academia
78%
Group of fighters fight against various things against humanity. Shounen anime, and there are 7 balls that can grant a wish if collected. Dragonball Z
77%
Anime about a kid who attends a cooking school. Somehow he is one of the best. Cooking school is also very prestigious. Food Wars
77%
Grown men getting serious about a children's card game. IT'S TIME TO D-D-D-D-DUELLL! Yu-gi-oh!
75%
Tanjirou Kamado has his family slaughtered by a demon, and his sister has become a demon. In order to find the demon responsible and transform his sister back into a human, he becomes a ______. Demon Slayer
74%
NEET siblings super good at games... gets transported to a world where everything is solved by games. No Game No Life
74%
Main character has a hand that is actually a parasite. Anime is about parasites who eat people's brains. Parasyte: The Maxim
74%
Anime about piano players. Main character can't hear his own piano until he meets a girl with a violin. Shigatsu Wa Kimi No Uso
67%
A world full of hunters, a boy, his assassin friend, a vengeful blond guy and a short tempered medical student set off to become hunters for various reasons. Hunter x Hunter
65%
Survival game where everyone gets diaries. Powerful diaries. Mirai Nikki
63%
Movie about 2 teens who switch bodies. They try to find each other's names. Kimi no na wa
61%
Super perverted highschool student fights with devils with, uh, very voluptuous bodies. Highschool DxD
58%
Afterlife highschool, fight against Angel/Tenshi. SSS vs Student Council President. Angel Beats
57%
Spinning tops that the kids make such a big deal about. Beyblade
57%
Movie about deaf girl who struggles with bullying. Main character struggles with depression and viewing people properly. Koe no Katachi
57%
Anime about a boy who gets sent to a fantasy world. Everytime he dies, he goes back in time. He calls it "Return By Death". Re:Zero kara Hajimeru Isekai Seikatsu
57%
7 mages and servants that fight in the holy grail war. Fate/Stay night
56%
Team of scientists led by Hououin Kyouma. He goes crazy trying to go back in time to prevent deaths. Steins;Gate
56%
Guy goes back in time to prevent deaths. He goes back to being a kid in order to prevent the death of a girl he knew as a kid. The phenomenon in which he goes back in time is called "Revival". ERASED
55%
Senku Ishigami tries to bring back civilization 3700 years after the entire world was petrified. Dr. Stone
53%
Gambling school. Crazy expressions. Big risks. Kakegurui
53%
Failure delivery god with no shrine. Noragami
52%
Man gets trapped in a video game. He is an overpowered skeleton that destroys everything with one attack. Overlord
51%
Locked in a prison under false evidence, Ganta Igarashi desperately tries to survive brutal battles as a Deadman. Deadman Wonderland
50%
Romantic Comedy about two characters who try to get each other's crushes to like them. They end up falling in love. Palmtop tiger and scary kid. Tiger dragon. Toradora!
49%
Guy gets thrown into another world with a shield as his weapon. Accused of sexual assault and branded a criminal, he is forced to fight alone until he buys himself a demi-human slave to fight for him and be his sword. The Rising of the Shield Hero
48%
Angels. Third impact. Evas. PUSSY SHINJI Neon Genesis Evangelion
45%
Magical girl anime with a very dark secret. The Magical Girls have to fight witches to obtain grief seeds, in order to prevent their own corruption. Mahou Shojo Madoka Magica
44%
5 friends guilty about their other friend's death when they were kids. The other friend appears by the main character's side as a ghost only he can see. They try to fulfill the friend's wish so she can disappear. Ano Hi Mita Hana no Namae wo Bokutachi wa Mada Shiranai
43%
There are clothes that determine your strength. Main character uses giant red scissors and a talking sailor uniform to fight against the student council president of a school. Kill la Kill
43%
Kids get trapped in a school and lose their memories about the great year they had. Anime is a murder-mystery where the only way to get out of the school is to kill someone - and get away with it. Danganronpa: The Animation
41%
Psychic who just wants to help people. Lots of spoon bending. Fake psychic teacher. Mob Psycho 100
39%
Class 3. The calamity. Many people die by "accidents" (e.g. umbrella pierces girl's throat, kid gets heart attack, etc.) Another
38%
Anime about kids with super powers. The powers each have some kind of flaw. Main character can take control of someone for 5 seconds. Charlotte
38%
Little balls that kids roll on cards to summon big monsters. Bakugan
33%
Fantasy world where each person belongs to a familia led by a god. Main character is the only member of Hestia's familia. Is it wrong to try to pick up girls in a dungeon?
32%
Erotic artist who locks herself in her room. Her step brother is a light novel author. They unknowingly work together on their works. Lots of lolis in this anime :) Eromanga-sensei
28%
Giant robots piloted by a stamen and a pistil. They fight against Klaxosaurs, but there is a dark secret that lurks behind the mysterious APE... Darling in the Franxx
27%
Crazy pink haired yandere with invisible hands. Murders many people, including main character's sister. Elfen Lied
27%
People get trapped in a video game, but they don't know how. They try to cope with it. If they die they end up in the cathedral. Main character is an enchanter with glasses. Log Horizon
24%
Story about a group of girls through everyday life. Very moe anime. Girls are called: Konata, Tsukasa, Kagami and Miyuki. Lucky Star
24%
Boy hates school, but he meets a girl and decides to help her revive the drama club. Many cute girls at this school, including twins, a bookworm, a dango-loving chick, a crazy strong chick, etc. Clannad
23%
People live in the walls to defend against zombies - which they call Kabane. The main character becomes a Kabane hybrid called a Kabaneri. Kabaneri of the Iron Fortress
23%
Androids that only live for nine years - called Giftias. Very sad anime centered around a terminator of Giftias and a white haired Giftia called Isla. Plastic Memories
22%
Girl with godlike powers, but unaware of them, starts the SOS brigade. The Melancholy of Haruhi Suzumiya
22%
Boy has 2 step sisters that have a crush on him. Ako-nee and Riko-nee get very jealous of other girls who like their precious Keita-kun. Kiss X Sis
21%
Maid cafe, different personalities. Main character has an evil look in her eyes and struggled to find a job before finding a job as a sadistic maid. Blend S
19%
Little sister acts nice and neat in public, but while she is alone with her brother she acts like a spoiled, otaku, brat. Himouto Umaru-Chan
19%
Araragi Koyomi tries to help out cute girls dealing with the supernatural, and he himself is a vampire (kind of). One of the characters is called Meme. Bakemonogatari
18%
Anime about a boy who cheats with a bunch of girls in his school. Loses his head for it... literally. School Days
18%
Overpowered magic user with two guns. He is just plain overpowered... also has a weird incest thing going on with his younger sister. Mahouka Koukou no Rettousei
15%
Magical girl anime. Cure Black and Cure White go out to find the seven prisms! Pretty Cure
14%
Alternate universe in the Fate timeline where Darnic succeeds in capturing the Greater Grail in the third holy grail war, moving the 4th holy grail war to Romania and changing the battle to a black team vs red team great grail war with a Ruler overseeing it. Fate/Apocrypha
13%
A boy gets the power of the king and fights with Funeral Parlor against GHQ. He can draw out voids from people's hearts. Guilty Crown
13%
Movie about a girl that meets a boy in forest. She likes him, but can't touch him or he'll disappear. Hotarubi no Mori e
13%
Otaku girl tries to hide her interests in anime and manga from her family. Her brother accidentally finds her adult "little sister" themed games, and this leads to them getting closer... perhaps too close. Ore no imouto konna ni kawaii wake ga nai!
12%
Boy goes around conquering girls as if they were heroines of a dating sim. The World God Only Knows
11%
Six braves go to fight a demon king. But they are trapped... and it turns out there are 7 of them. Anime is about them trying to find out who is the fake brave. Rokka no Yuusha
9%
Boy finds an angeloid who calls him "master". Boy is super perverted, but refrains from doing anything to his feminine looking angeloid. Anime is mostly for humor. Sora no Otoshimono
9%
Magical girl anime about girls who have genes from endangered animals. Tokyo Mew Mew
8%
Overpowered blond, rich girl and animal loving girl get sent to another world, where they get to play gift games. They meet a bunny girl who is quite... voluptuous. Problem Children are Coming From Another World Aren't they?
7%
Movie about fireworks. Kid asks "if" a lot, changing the past so he can be with this girl called Nazuna. Uchiage hanabi, shita kara miru ka? yoko kara miru ka?
5%
Anime about Japanese spies in WWII. Joker Game
4%
Hideki Nishimura is an internet game player with the gamer tag Rusian, but after confessing his love to a guy he becomes traumatized and refuses to accept there are any girls online.... then he finds out his 3 guild mates in the game are girls in real life, and his own classmates at that! Netoge no Yome wa Onna no ko janai to omotta?
4%
Post-apocalyptic world where non-psychic users are gone, and the only humans left are psychic users. Many children are killed because they have the potential to become fiends, which can destroy the small village they live in. Many weird creatures like Queerats. Shinsekai Yori
4%
Anime about a boy who eats Mei Ta Ta's chocolates and causes a bunch of girls to fall in love with him. A Chinese anime. Cupid's Chocolates
2%
Magical girl game makes real magical girls. They end up in a battle royale... a very bloody battle royale. Each girl has a unique power. The girls are pretty cute though :) Magical Girl Raising Project
2%
Hentai about a guy who freezes time and does some very inappropriate things to underage girls. He first victimizes his half-sisters over anger at his father who abandoned him and his mother. Gakuen de Jikan Yo Tomare
1%
School where students have to join clubs to get privileges. Main character uses an attack called the "Toy Gun". The main character is also a lesbian (has a crush on her female Senpai) Mikagura School Suite
1%
Teacher has a very lascivious student. Really messed up because the student is in middle school, and she has a crush on her 23 year old teacher. Kodomo no Jikan
0%
No matching quizzes found
Score Distribution
Percent of People with Each Score
Percentile by Number Answered
Your Score History
You have not taken this quiz since the last reset